| 000 | 00361nam a2200157Ia 4500 | ||
|---|---|---|---|
| 003 | OSt | ||
| 005 | 20240306165630.0 | ||
| 008 | 170523s9999 xx 000 0 und d | ||
| 020 | _a978-9352865611 | ||
| 040 | _ciimtu meerut | ||
| 100 | _aKOTLER- ARMSTRONG | ||
| 245 | 0 | _aPRINICIPLES OF MARKETING | |
| 260 | _bNEW DELHI PHI | ||
| 260 | _c2004 | ||
| 942 |
_2ddc _c02 |
||
| 999 |
_c1088 _d1088 |
||